000 00422nam a2200181Ia 4500
008 151202s9999||||xx |||||||||||||| ||und||
082 _bPNVM-11336
100 _aGOVT. OF INDIA.
245 _aHAND BOOK OF INDIA.
260 _b---
260 _c0
300 _a215
600 _aGOVT. OF INDIA.
630 _aHAND BOOK OF INDIA.
700 _aGOVT. OF INDIA.
730 _aHAND BOOK OF INDIA.
942 _cBOOK
999 _c1277323
_d1277320